000
002920000a22001090004500
090
_a
AS
_b
Seriadas
245
1
0
_a
Raices internas de Navia y Vellozia
041
0
_a
Español
100
1
_a
Weber, Hans
_9
99568
942
_c
ARTICULO
773
1
_t
Mutisia: Acta Botánica Colombiana
_3
893
_h
13
_q
1-7
_d
1953
999
_c
15322
_d
15322